000 00494nam a2200181Ia 4500
001 14509
005 20260306164919.0
008 260306t2014||||xx |||||||||||||| ||spa||
041 _aESP
082 _a515.15
_bG91
100 _aAlvarez Silva, Magaly Jeannet
_eAUT
245 0 _aGuía de práctica de calculo en una variable:
_bFacultad de Ingeniería y Computación
260 _c2014
300 _a313 páginas :
_c30 cm.
650 _aGEN
654 _aCMA
942 _cLIB
_dJUS
_fJUS
_2ddc
_n
999 _c14509
_d14509